01459nam a2200385Ia 4500001000900000003000500009005001700014008004100031010001100072020002200083040000900105082002100114100004200135245010500177260009500282300001100377440003400388500006200422504003100484590002400515650002100539650002100560650002600581650002600607650003000633650002600663700003600689901002100725902000600746905006300752942001500815999001900830952011200849952011200961dia_5263CHAP20251023151315.0220117s2013 xx 000 0 und d a176172 a978-607-477-931-8 cCHAP a174.962 S26 2013 aSancén Contreras , Fernando9102015 aLa ética frente a las nanociencias y las nanotecnologías /c Fernando Sancén y Anita Gramigna aMéxico :b UAM, Unidad Xochimilco, División de Ciencias Sociales y Humanidades,c2013 a129 p. aTeoría y Análisis9124632 aTítulo original: L`ethos al tiempo delle nanotecnologie aBibliografía: p. 123-129 aQC176.8N35 S26 2013 aEthics 9147118 aÉtica 982776 aNanociencia 9158031 aNanoscience 9158032 aNanotecnología 980115 aNanotecnology9158033 aGramigna, Anita, coaut.9158034 a174.962 S26 2013 aM a5232272013 mx x 8222113312spa16 cLIBRO2ddc c176172d176172 00102ddc40708GRALaIA_bIA_c1d2022-01-18f1l0pdia_007562r2022-01-18 00:00:00t2w2022-01-18yLIBRO 00102ddc40708GRALaIA_bIA_c1d2022-01-18f1l0pdia_007561r2022-01-18 00:00:00t1w2022-01-18yLIBRO